000 00447nam a2200181Ia 4500
005 20240823053326.0
008 240823s9999||||xx |||||||||||||| ||und||
041 _aENGLISH
082 _A537.02 N3
100 _a"Edminister,Joseph A"
245 0 _aThery and Problems of Electromagnetics
250 _a1st
260 _c1993
_b"MGH,New York"
500 _aTRANSFERED
650 _aElectromagnetism
_bPhysics
942 _cBK
999 _c223910
_d223910